Production Yearbook 1984 Vol. 38

Guardado en:
Detalles Bibliográficos
Formato: Libro
Lenguaje:inglés
Publicado: Rome Food and Agriculture Organization of the United Nations 1985
Etiquetas: Agregar Etiqueta
Sin Etiquetas, Sea el primero en etiquetar este registro!

MARC

LEADER 00000nam a2200000 4500
001 c105417
005 20041019155134.6
041 0 |a eng 
044 |a IT 
245 1 0 |a Production Yearbook 1984  |b Vol. 38 
264 1 |a Rome  |b Food and Agriculture Organization of the United Nations  |c 1985 
300 |a 326 s.